| 000 | 00637nam a2200229Ia 4500 | ||
|---|---|---|---|
| 001 | 13883 | ||
| 003 | GE_BSU | ||
| 008 | 181216s||||||||xx |||||||||||||| ||und|| | ||
| 040 | _cGE_BSU | ||
| 080 | _a621.874 | ||
| 100 | _aПавлов,Н.Г. | ||
| 245 | _aПримеры расчетов кранов. | ||
| 245 | _cРед. Л.И.Орлова. | ||
| 250 | _aИзд. 3-е, перераб. и допол. | ||
| 260 | _aЛ. | ||
| 260 | _bМашиностроение. | ||
| 260 | _c1967. | ||
| 300 | _a347 стр. 22см. с илл. | ||
| 300 | _eТабл. | ||
| 653 | _aПримеры расчетов кранов. | ||
| 942 | _cBK | ||
| 999 |
_c47027 _d47027 |
||